000 00315nam a22001337a 4500
008 180223b xxu||||| |||| 00| 0 eng d
020 _a0837935091
041 _aeng
080 _28 ed
_a34
100 _a14
101 _ajur
245 _awhos who in american law 1994 1995
_chazed.c.c
942 _2udc
_cBK
999 _c43244
_d43244